00740 a2200217 450000500170000000800410001701000140005802000110007203500130008303700150009604000180011108200080012910000180013724501490015526000480030427000900035230000330044265000120047570000170048770000180050420081013150556.0081013t xxu||||| |||| 00| 0 eng d aENG-91291 c225.00 aEN-74824 bDBAD / PUB adplbEnglish  a574 aNair, P.K.G.  aRemedial biology:cby P.K.G. Nair, K.P. Achar [and] S.G. Prabhubfor first year B.Pharmacy Jawaharlal Nehru Technological University, Hyderabad) aNew Delhi bHimalaya Publishing Housec2008 aPooja Apartments, 4-=B, Murari Lal Street, Ansari Raod, Daryaganj,bNew Delhie110002 a368 p.;c22 cm ( pbk.)bill. aBiology aAchar, K.P.  aPrabhu, S.G.